| 000 | 01408cam a2200325 a 4500 | ||
|---|---|---|---|
| 999 |
_c219534 _d219534 |
||
| 001 | 16594482 | ||
| 003 | Nust | ||
| 005 | 20170213124804.0 | ||
| 008 | 101230s2010 enk b 000 0 eng d | ||
| 010 | _a 2010284478 | ||
| 015 |
_aGBA977040 _2bnb |
||
| 015 |
_aGBA977040 _2dnb |
||
| 016 | 7 |
_a015341987 _2Uk |
|
| 020 | _a9781408800249 (hbk.) | ||
| 020 | _a1408800241 (hbk.) | ||
| 035 | _a(OCoLC)ocn407008157 | ||
| 040 |
_aUKM _cUKM _dYDXCP _dBWKUK _dBWK _dCDX _dDEBBG _dEMU _dN15 _dDLC |
||
| 042 | _alccopycat | ||
| 050 | 0 | 0 |
_aPR9369.3.G6 _bT46 2010b |
| 082 | 0 | 4 |
_a828.91408 _bGOR |
| 100 | 1 | _aGordimer, Nadine. | |
| 245 | 1 | 0 |
_aTelling times : _bwriting and living, 1954-2008 / _cNadine Gordimer. |
| 260 |
_aLondon ; _aNew York : _bBloomsbury, _c2010. |
||
| 300 |
_a742 p. ; _c24 cm. |
||
| 504 | _aIncludes bibliographical references. | ||
| 520 | _a"Telling Times collects for the first time all her non-fiction, spanning more than half a century, through the long fight to overthrow South Africa's apartheid regime, to her role in the last thirty years in confronting the dangers of threats to freedom of expression, ethnic violence and Aids [sic]"--Book jacket. | ||
| 600 | 1 | 0 | _aGordimer, Nadine. |
| 650 | 0 |
_aWomen authors, South African _y20th century _vBiography. |
|
| 906 |
_a7 _bcbc _ccopycat _d2 _encip _f20 _gy-gencatlg |
||
| 942 |
_2ddc _cBK |
||